| 000 | 00340nam a22001337a 4500 | ||
|---|---|---|---|
| 020 | _a3-540-12188-9 | ||
| 082 | _a621.366 HAK'L | ||
| 100 |
_aKAKEN, HERMANN _974139 |
||
| 245 | _aLASER THEORY CORRECTED PRINTING WITH 72 FIGURES | ||
| 260 |
_aTOKYO _bSPRINGER VERLAG _c1984 |
||
| 300 | _a320P | ||
| 650 |
_aLASER THEORY _974140 |
||
| 942 | _cBK | ||
| 999 |
_c579707 _d579707 |
||